000 00499nam a2200169Ia 4500
999 _c32180
_d32180
003 OSt
005 20200804141401.0
008 190216s9999||||xx |||||||||||||| ||und||
040 _coclc
082 _a511.3
_bKUM/S
100 _aKumaravelu, S
_93929
245 0 _aSet Theory And Number Systems /
_cS Kumaravelu ; Susheela Kumaravelu
260 _bBhavani Arts,
_aSivakasi:
_c2000.
300 _a259p
650 _aMathematics
942 _cBK
_2ddc
_h511.3
_iKUM/S
_k511.3
_mKUM/S